Mort Subite - Foot : clubs français qui ont été en ligue des champions - Statistiques

Statistiques générales
  • Ce quiz a été pris 637 fois
  • Le résultat moyen est 9 sur 16
Answers on the Grid
Answers color-coded by a green-red scale on the quiz's grid according to % correct below.
AJ Auxerre
Angers SCO
Angoulême
AS Cannes
AS Monaco
AS Nancy Lorraine
ASSE
Châteauroux
DFCO
En Avant Guingamp
FC Gueugnon
FC Lorient
FC Metz
FC Nantes
FC Rouen
Girondins de Bordeaux
LOSC
Montpellier
Nîmes Olympique
OGC Nice
OL
OM
PSG
Racing club
RC Lens
SC Bastia
Sedan
SM Caen
Sochaux
Stade Brestois
Stade Français
Stade Lavallois
Stade Reims
Stade Rennais
Strasbourg
Toulouse FC
Toulouse FC 1937-1967
Troyes
 
Statistiques - réponses
Réponse % Correct
OL
81%
OM
79%
PSG
79%
AS Monaco
78%
LOSC
73%
AJ Auxerre
67%
ASSE
66%
RC Lens
64%
Girondins de Bordeaux
57%
FC Nantes
53%
Montpellier
50%
OGC Nice
48%
Stade Reims
43%
Stade Brestois
41%
Stade Rennais
37%
Strasbourg
18%
Aucun quiz correspondant
Distribution des résultats
% des personnes avec chaque résultat
Percentile par nombre de réponses
Votre historique - résultats
Vous n’avez pas pris ce quiz